|
|
|
|
| LEADER |
00983nam a2200241 a 4500 |
| 001 |
399750 |
| 008 |
090913s1971 miu b 000 0 eng d |
| 010 |
|
|
|a 79321568
|
| 020 |
|
|
|a 0892640103
|
| 040 |
|
|
|a DLC
|c DLC
|d DLC
|
| 082 |
0 |
0 |
|a 378.1/98/0951
|2 18
|
| 100 |
1 |
|
|a Singer, Martin,
|d 1947-
|
| 245 |
1 |
0 |
|a Educated youth and the cultural revolution in China /
|c Martin Singer.
|
| 260 |
|
|
|a Ann Arbor :
|b University of Michigan, Center for Chinese Studies,
|c 1971.
|
| 300 |
|
|
|a 114 p. ;
|c 23 cm.
|
| 490 |
0 |
|
|a Michigan papers in Chinese studies ;
|v no. 10
|
| 504 |
|
|
|a Bibliography: p. 104-114.
|
| 541 |
1 |
|
|e 00000914
|
| 650 |
|
0 |
|a Students
|z China.
|
| 651 |
|
0 |
|a China
|x Politics and government
|y 1949-1976.
|
| 852 |
4 |
|
|a Ayesha Abed Library
|j General Shelf.
|
| 999 |
|
|
|c 4079
|d 4079
|
| 952 |
|
|
|0 0
|1 0
|2 ddc
|4 0
|6 378_198095100000000_SIN_1971
|7 0
|8 NFIC
|9 3753
|a BRACUL
|b BRACUL
|c GEN
|d 2009-10-03
|g 0.00
|l 0
|o 378.1980951 SIN
|p 3010000914
|r 2009-10-03
|t 1
|w 2009-10-03
|y BK
|x No price found in the accession register.
|